| 000 | 00422 a2200145 4500 | ||
|---|---|---|---|
| 005 | 20250619151136.0 | ||
| 020 | _a978-9987-14-020-6 | ||
| 082 | _a336.04 WAR | ||
| 100 | _aWARIOBA, M. D. | ||
| 245 | _aLocal Government Reforms in Tanzania | ||
| 260 |
_aMzumbe, _bMzumbe University, _c2012. |
||
| 300 |
_axviii, 150p.: Ill.;figures & table. _bBibliographical references _c19cm. |
||
| 700 | _aWARIOBA, L. | ||
| 942 |
_2ddc _cBKS |
||
| 999 |
_c4440 _d4440 |
||